|
|
|
|
| LEADER |
01243ppm a22003018a 4500 |
| 001 |
00036332 |
| 005 |
20171026081025.0 |
| 008 |
170227s2011 ||||||Viesd |
| 041 |
0 |
# |
|a Vie
|
| 082 |
1 |
4 |
|a 510.7
|b R203L
|
| 100 |
1 |
# |
|a Lê, Thị Ngọc Thảo
|
| 245 |
0 |
0 |
|a Rèn luyện kĩ năng giải toán thông qua phát hiện và sữa chửa sai lầm cho học sinh THCS qua dạy học và giải toán đại số
|b Luận văn thạc sĩ Giáo dục học . Chuyên ngành: LL và PPDH bộ môn Toán. Mã số: 64 14 10
|c Lê Thị Ngọc Thảo; Nguyễn Văn Thuận (hướng dẫn)
|
| 260 |
# |
# |
|a Vinh
|b Đại học Vinh
|c 2011
|
| 300 |
# |
# |
|a 118tr.
|c 30cm.
|
| 500 |
# |
# |
|a ĐTTTS ghi: Bộ giáo dục và đào tạo. Đại học Vinh
|
| 653 |
# |
# |
|a Giải toán
|
| 653 |
# |
# |
|a Luận văn
|
| 653 |
# |
# |
|a Đại số
|
| 653 |
# |
# |
|a Trung học cơ sở
|
| 653 |
# |
# |
|a Rèn luyện
|
| 700 |
1 |
# |
|a Nguyễn Văn Thuận
|e Hướng dẫn
|
| 852 |
# |
# |
|j LV.0000913
|
| 852 |
# |
# |
|b Kho đọc SĐH
|j LV.0000913
|
| 910 |
|
|
|d 27/02/2017
|
| 980 |
# |
# |
|a Trung tâm Học liệu Lê Vũ Hùng, Trường Đại học Đồng Tháp
|